000 01025nam a2200373 a 4500
003 AR-BaBNM
005 20251128205927.0
008 082120s2002 ||||||||||||||000 | spa||
020 _a84-323-0150-7
040 _cAR-BaBNM
245 0 0 _aHombre y cultura
_bla obra de Bronislaw Malinowski
250 _a1ª ed.
260 _aMadrid
_bSiglo Veintiuno
_c1974
300 _aviii, 339 p.
490 0 _aAntropología
500 _aContiene referencias bibliográficas en p. 313
500 _aIndice analítico y onomástico en p. 331
650 4 _aSOCIOLOGIA CULTURAL
650 4 _aANTROPOLOGIA CULTURAL Y SOCIAL
650 4 _aETNOGRAFIA
650 4 _aVALORES MORALES
650 4 _aETNOLOGIA
650 4 _aVALORES CULTURALES
650 4 _aPARENTESCO
650 4 _aECONOMIA
650 4 _aEPISTEMOLOGIA
650 4 _aEMPIRISMO
650 4 _aRELIGION
650 4 _aMAGIA
700 1 _aFirth, Raymond
_eprologuista
700 1 _aValdés del Toro, Ramón
_etraductor
942 _cBK
998 _cMARTIN
999 _c13338
_d13338